Visualizzazione normale
Vista MARC
- Roses (España)
di Geographic Name
Records bibliografici associati: 1
001 - CONTROL NUMBER
- control field: 46469
003 - CONTROL NUMBER IDENTIFIER
- control field: IT-RoINE
005 - DATE AND TIME OF LATEST TRANSACTION
- control field: 20180320092442.0
008 - FIXED-LENGTH DATA ELEMENTS
- fixed length control field: 180320|| aca||aabn | a|a d
040 ## - CATALOGING SOURCE
- Original cataloging agency: IT-RoINE
- Transcribing agency: IT-RoINE
151 ## - HEADING--GEOGRAPHIC NAME
- Geographic name: Roses (España)
- General subdivision: Historia eclesiástica
670 ## - SOURCE DATA FOUND
- Source citation: Work cat.: (IT-RoINE)0: Marquès, Josep Maria, 1939-2007 5404, Santa Maria de Roses /, 1992.